000 00259nam a2200121Ia 4500
100 _aGreenwood
942 _cBK
654 _aProduction Design
245 _aMechanical Details For Production Design
260 _bnone
082 _a658.5
546 _aENGLISH
999 _c22295
_d22295